Massachusetts Counties - Statistics

General Stats
  • This quiz has been taken 17 times
    13 since last reset
  • The average score is 10 of 14
Answer Stats
Hint Answer % Correct
X Norfolk
89%
X Worcester
89%
X Berkshire
78%
X Bristol
78%
X Franklin
78%
X Middlesex
78%
X Suffolk
78%
X Essex
67%
X Nantucket
67%
X Plymouth
67%
X Dukes
56%
X Hampden
56%
X Hampshire
56%
X Barnstable
44%
No matching quizzes found
Score Distribution
Percent of People with Each Score
Percentile by Number Answered
Your Score History
You have not taken this quiz since the last reset